000
00261nam a22001097a 4500
999
_c
163349
_d
163349
082
_a
_b
100
_a
Bahadur K P
245
_a
Caste,tribes and culture of India (v.3)/
_c
by Bahadur K P.
260
_a
New Delhi:
_b
Ess Ess,
_c
1977.
650
_a
942
_c
BK